UM Logo

Tuesday with Morrie / (Record no. 19081)

MARC details
000 -LEADER
fixed length control field 00387nam a2200133 4500
008 - FIXED-LENGTH DATA ELEMENTS--GENERAL INFORMATION
fixed length control field 240212b ||||| |||| 00| 0 eng d
020 ## - INTERNATIONAL STANDARD BOOK NUMBER
International Standard Book Number 0751527378
082 ## - DEWEY DECIMAL CLASSIFICATION NUMBER
Edition number 2005
Classification number DFic
Item number A1t
100 ## - MAIN ENTRY--PERSONAL NAME
Personal name Albom, Mitch.
9 (RLIN) 45949
245 ## - TITLE STATEMENT
Title Tuesday with Morrie /
Statement of responsibility, etc. Mitch Albom.
260 ## - PUBLICATION, DISTRIBUTION, ETC. (IMPRINT)
Place of publication, distribution, etc. United States :
Name of publisher, distributor, etc. Timewarner paperbacks,
Date of publication, distribution, etc. ©1997.
300 ## - PHYSICAL DESCRIPTION
Extent xi, 210 pages ;
Dimensions 17 cm.
942 ## - ADDED ENTRY ELEMENTS (KOHA)
Source of classification or shelving scheme Dewey Decimal Classification
Koha item type Fiction
Holdings
Withdrawn status Lost status Source of classification or shelving scheme Damaged status Not for loan Collection code Home library Current library Date acquired Source of acquisition Cost, normal purchase price Total Checkouts Full call number Barcode Date last seen Price effective from Koha item type
    Dewey Decimal Classification     Fiction UM Digos College - LIC UM Digos College - LIC 11/25/2005 Purchased 275.00   DFic A1t 2005 18400 05/15/2025 02/12/2024 Fiction